| 000 | 01435nam a2200253Ia 4500 | ||
|---|---|---|---|
| 999 |
_c41446 _d41446 |
||
| 001 | 8110 | ||
| 003 | GE_BSU | ||
| 005 | 20240311145127.0 | ||
| 008 | 181216s2003||||ge |||||||||||||| ||geo|| | ||
| 020 | _a9992871431 | ||
| 040 | _cGE_BSU | ||
| 041 | _ageo | ||
| 080 | _a821.351.42-91 ა - 12 | ||
| 245 |
_aაბაზური ფოლკლორი = Абазинский фольклор : [ქართ. და რუს. ენ.] / _c შემდგ. ლია ჩლაიძე ; მთ. რედ. ნაირა გელაშვილი ; პწკარედული თარგმ. აბაზური ენიდან ქართ-დ თეიმურაზ გვანცელაძის, რუსულად ვლადიმერ ტუგოვისა]. დ |
||
| 264 |
_aთბილისი : _bკავკასიური სახლი, _c2003. |
||
| 300 |
_a118 გვ. ; _c19 სმ. |
||
| 490 | _aკავკასიის ხალხთა ფოლკლორი | ||
| 541 | _h7ლ. | ||
| 653 | _aაბაზური ფოლკლორი | ||
| 700 |
_a ჩლაიძე, ლია _e შემდგენელი _921376 |
||
| 700 |
_aგელაშვილი, ნაირა _eმთ. რედაქტორი _9817 |
||
| 700 |
_aგვანცელაძე, თეიმურაზ _eმთარგმნელი _9291 |
||
| 942 |
_cBK _2udc |
||